000 00960aab a2200193 i 4500
001 768714001
003 CO-MdFUSB
005 20240422095120.0
008 240415t1982 ag ||||| |||| 00| 0 spa d
040 _bspa
_cCO-MdFUSB
041 _aspa
100 1 _aGriffiths, Víctor J.
_eautor
245 _a¿Contemporización o transformación?
_b/ Víctor J. Griffiths
300 _aVolumen 1, número 1 (marzo - junio, 1982), páginas: 32 - 33
_c; 27 cm
520 _a"No os conforméis a este siglo, sino transformaos por medio de la renovación de vuestro entendimiento, para que comprobéis cuál sea la buena voluntad de Dios, agradable y perfecta. " A partir del versículo Romanos 12. 2 esta sección describe de manera vívida y concisa la dinámica del estilo de vida cristiano.
650 0 _aVida cristiana
_919
773 0 _tIglesia y Misión
_049402
_959626
_gVolumen 1, número 1 (marzo - junio, 1982), páginas: 32 - 33
_qpágina: 32
942 _cANA
999 _c51280
_d51280